ដីនៅកម្ពុជា -សំណាកដី les sols du cambodge . monolithes (Record no. 8857)
[ view plain ]
| 000 -LEADER | |
|---|---|
| fixed length control field | 00373nam a22001217a 4500 |
| 040 ## - CATALOGING SOURCE | |
| Transcribing agency | HS |
| 082 ## - DEWEY DECIMAL CLASSIFICATION NUMBER | |
| Classification number | 550 |
| 100 ## - MAIN ENTRY--AUTHOR NAME | |
| Personal name | ត្រាន ថាន់កាញ់ |
| 245 ## - TITLE STATEMENT | |
| Title | ដីនៅកម្ពុជា -សំណាកដី les sols du cambodge . monolithes |
| 260 ## - PUBLICATION, DISTRIBUTION, ETC. (IMPRINT) | |
| Place of publication | Cambodia |
| Name of publisher | ត្រាន់ ថាន់កាញ់ |
| Year of publication | 1992 |
| 300 ## - PHYSICAL DESCRIPTION | |
| Number of Pages | 59p. |
| 942 ## - ADDED ENTRY ELEMENTS (KOHA) | |
| Koha item type | សៀវភៅភាសាខ្មែរ |
| 952 ## - LOCATION AND ITEM INFORMATION (KOHA) | |
| Withdrawn status [LOCAL, KOHA] | 0 |
| 952 ## - LOCATION AND ITEM INFORMATION (KOHA) | |
| Withdrawn status [LOCAL, KOHA] | 0 |
| 952 ## - LOCATION AND ITEM INFORMATION (KOHA) | |
| Withdrawn status [LOCAL, KOHA] | 0 |
| Permanent Location | Date acquired | Koha item type | Lost status | Shelving location | Barcode | Current Location | Full call number |
|---|---|---|---|---|---|---|---|
| Library Block C | 2016-08-18 | សៀវភៅភាសាខ្មែរ | C164 | RUA045097 | Library Block C | 550 ត្រាន 1992 C164 | |
| Library Block C | 2016-08-18 | សៀវភៅភាសាខ្មែរ | C175 | RUA046975 | Library Block C | 550 ត្រាន 1992 C174 | |
| Library Block C | 2016-10-10 | សៀវភៅភាសាខ្មែរ | C169 | RUA047014 | Library Block C | 550 ត្រាន 1992 C169 |